Sombrero, abrigo, guantes y otros / (Registro nro. 12361)

Detalles MARC
000 -CABECERA
Longitud fija campo de control 00565nam a2200193 a 4500
003 - • IDENTIFICADOR DELl NÚMERO DE CONTROL
Identificador del número de control CO-ViMGA
008 - • CÓDIGOS DE INFORMACIÓN DE LONGITUD FIJA
Códigos de información de longitud fija 141112s2004 ck r 000 u spa d
040 ## - FUENTE DE LA CATALOGACIÓN
Centro catalogador de origen CO-ViMGA
Lengua de catalogación spa
Centro transcriptor CO-ViMGA
082 04 - • NÚMERO DE LA CLASIFICACIÓN DECIMAL DEWEY
Número de clasificación (R) Pe861.44 V155
100 1# - • PUNTO DE ACCESO PRINCIPAL-NOMBRE DE PERSONA
Nombre de persona Vallejo, Cesar
245 10 - • TITULO PROPIAMENTE DICHO
Título Sombrero, abrigo, guantes y otros /
Mención de responsabilidad, etc. Cesar Vallejo
300 ## - • DESCRIPCIÓN FÍSICA
Extensión 111, 84 p
490 ## - • MENCIÓN DE SERIE
Mención de serie Cara y cruz
500 ## - • NOTA GENERAL
Nota general Encuadernado con A propósito de Cesar Vallejo y su obra.
650 14 - • PUNTO DE ACCESO ADICIONAL DE MATERIA - TÉRMINO DE MATERIA
Término de materia o nombre geográfico como elemento inicial POESIA PERUANA
942 ## - ENTRADA DE ELEMENTOS AGREGADOS (KOHA)
Fuente de clasificaión o esquema Dewey Decimal Classification
Koha [por defecto] tipo de item LIbro
Existencias
Perdido Fuente de clasificación o esquema Estado Físico No para préstamo Forma de adquisición Localización permanente Localización actual Localización en estanterías Fecha adquisición Fuente de adquisición Préstamos totales Signatura completa Código de barras Fecha última consulta Número de copia Fecha del precio de reemplazo Tipo de item de Koha
  Dewey Decimal Classification     Literatura General Biblioteca Pública Granada - Boca del Monte Biblioteca Pública Granada - Boca del Monte Literatura 03/10/2026 BIBLIOTECA NACIONAL   P-VALL GRDA02209 03/10/2026 Ej.1 03/10/2026 LIbro









Instituto Departamental de Cultura del Meta - Red Departamental de Bibliotecas Públicas del Meta.